000 00460nam a2200181Ia 4500
001 8080
005 20260306160542.0
008 260306t2013||||xx |||||||||||||| ||spa||
041 _aESP
082 _a370.1
_bL87
100 _aLópez González, Luis
_eAUT
245 0 _aMaestros del corazón:
_bhacia una pedagogía de la interioridad
260 _c2013
300 _a387 páginas :
_c24 cm.
650 _aGEN
654 _aCED
942 _cLIB
_dJUS
_fJUS
_2ddc
_n
999 _c8080
_d8080